Представление документа в формате MARC21

Поле Инд. ПП Название Значение
Тип записи a
Библиографический уровень m
001 Контрольный номер 9da9a7e5-45b6-44a4-99d3-e648ecf9a9f2
005 Дата корректировки 20140703132218.2
008 Кодируемые данные 041215
020 a ISBN 5-89349-425-3 (Флинта)
c Цена, тираж 60.00
020 a ISBN 5-02-002936-X (Наука)
040 a Служба первич. каталог. НБ ТвГУ
041 a Код языка текста rus
080 a Индекс УДК 070.41(075.8)
084 a Индекс другой классификации/Индекс ББК Ч612.14я73-1
a Индекс другой классификации/Индекс ББК Ш70я73-1
090 x Авторский знак Р55
a Полочн. индекс Ч612.1
245 10 a Заглавие Риторические основы журналистики
b Продолж. заглавия Работа над жанрами газеты : учеб. пособие
c Ответственность З. С. Смелкова, Л. В. Ассуирова, М. Р. Савова, О. А. Сальникова ; [отв. ред. З. С. Смелкова]
250 a Основные сведения об издании 2-е изд.
260 0_ a Место издания Москва
b Издательство Флинта
c Дата издания 2003
b Издательство Наука
300 a Объем 318,[1] с.
504 a Библиография Библиогр.: с.315-317.
583 a Действие Получение впервые 444 14.12.2004
k Исполнитель действия ООО "Информационное агенство РКТП"
650 a Основная рубрика Журналистика
x Основная подрубрика Учебники для вузов
650 a Основная рубрика Жанры газетные
x Основная подрубрика Риторика
x Основная подрубрика Стилистика
650 a Основная рубрика Газета
x Основная подрубрика Язык и стиль
653 a Ключевые слова Журналистика
a Ключевые слова Газеты
a Ключевые слова Жанры журналистики
a Ключевые слова Газетные жанры
a Ключевые слова Риторика
a Ключевые слова Культура речи журналиста
a Ключевые слова Речевой этикет
a Ключевые слова Язык газет
a Ключевые слова Газетная лексика
700 1_ a Другие авторы Смелкова Зинаида Сергеевна
e Роль лиц авт.
700 1_ a Другие авторы Ассуирова Лариса Владимировна
e Роль лиц авт.
700 1_ a Другие авторы Савова Марина Робертовна
e Роль лиц авт.
700 1_ a Другие авторы Сальникова Ольга Александровна
e Роль лиц авт., отв. ред.
852 t Порядковый номер экземпляра 2
p Инвентарный номер 793543
p Инвентарный номер 793544
852 t Порядковый номер экземпляра 2
p Инвентарный номер 793545
p Инвентарный номер 793546
863 t 00020995
863 t 00020994
888 a За счет средств университета
930 a Новая/Ретро учебники
952 p 444.2004 60.00 1 793543
p 444.2004 60.00 1 793544
p 444.2004 60.00 1 793545
p 444.2004 60.00 1 793546
c Вид литературы К ру
954 a Дата поступления на обработку 20050124
999 a Подразделение 2 ч.з.
a Подразделение 2 аб.